Szczegóły MARC21

Księga sądowa państwa żywieckiego : 1681-1773 /

003 -Nazwa inst., której nr kontr. jest w polu 001 [,]
    • @
    • Nazwa instytucji, której n kontrolny jest w polu 001
    • NUKAT
005 -DATA I CZAS OSTATNIEJ MODYFIKACJI [,]
    • @
    • pole kontrolne
    • 20241231104356.0
040 -Instytucja sporządzająca opis [ , ]
    • a
    • Instytucja, która sporządziła opis (NP)
    • KR 119/RAM
    • c
    • Instytucja, która sporządziła rekord (NP)
    • KR 119/RAM
    • d
    • Instytucja, która zmodyfikowała rekord (P)
    • KR 119/SW
942 -Rodzaj dokumentu [ , ]
    • c
    • Rodzaj dokumentu
    • Książka
245 -Strefa tytułu i oznaczenia odpowiedzialności [0,0]
    • a
    • Tytuł
    • Księga sądowa państwa żywieckiego : Find
    • b
    • Ciąg dalszy tytułu (NP)
    • 1681-1773 / Find
    • c
    • Pozostałe elementy strefy tytułu i oznaczenia odpowiedzialności (NP)
    • oprac. i wyd. Mieczysław Karaś i Ludwik Łysiak.
246 -Wariant tytułu [1,3]
    • a
    • Tytuł (NP)
    • Liber iudicialis dominii zivecensis
260 -Strefa adresu wydawniczego [ , ]
    • a
    • Miejsce wydania (P)
    • Kraków :
    • b
    • Nazwa wydawcy (P)
    • nakł. Uniwersytetu Jagiellońskiego,
    • c
    • Data wydania (P)
    • 1978.
300 -Strefa opisu fizycznego [ , ]
    • a
    • Określenie formy książki i/lub objętość (NP)
    • 222, [1] s., [1] k. map złoż. :
    • b
    • Oznaczenie ilustracji (NP)
    • il. ;
    • c
    • Format (NP)
    • 24 cm.
336 -Typ zawartości [ , ]
    • a
    • Termin opisujący typ zawartości
    • Tekst
    • b
    • Kod określający zawartość
    • txt
    • 2
    • Źródło (terminu i kodu)
    • rdacontent
337 -Typ mediów [ , ]
    • a
    • Tryb odtwarzania
    • Bez urządzenia pośredniczącego
    • b
    • Kod typu mediów
    • n
    • 2
    • Źródło (terminu i kodu)
    • rdamedia
338 -Typ/rodzaj nośnika [ , ]
    • a
    • Hasło opisujące typ nośnika
    • Wolumin
    • b
    • Kod typu nośnika
    • nc
    • 2
    • Źródło (terminu i kodu)
    • rdacarrier
490 -Strefa serii i książki wielotomowej - forma nie do wyszukiwania [1, ]
    • a
    • Tytuł (P)
    • Zeszyty Naukowe Uniwersytetu Jagiellońskiego. Prace Językoznawcze ; Find
    • v
    • Numeracja (P)
    • z. 57
830 -Hasło dodatkowe serii i opisu książki wielotomowej - tytuł ujednolicony/tytuł [ ,0]
    • a
    • Tytuł ujednolicony/tytuł (NP)
    • Zeszyty Naukowe Uniwersytetu Jagiellońskiego
    • x
    • ISSN
    • 0860-0139
    • v
    • Oznaczenie tomu (NP)
    • 490
    • 9
    • KHW
    • 193
830 -Hasło dodatkowe serii i opisu książki wielotomowej - tytuł ujednolicony/tytuł [ ,0]
    • a
    • Tytuł ujednolicony/tytuł (NP)
    • Zeszyty Naukowe Uniwersytetu Jagiellońskiego.
    • p
    • Nazwa części/podserii/sekcji (P)
    • Prace Językoznawcze
    • x
    • ISSN
    • 0083-4378
    • v
    • Oznaczenie tomu (NP)
    • z. 57
    • 9
    • KHW
    • 17497
500 -Uwaga ogólna [ , ]
    • a
    • Uwaga ogólna (NP)
    • W serii gł.: nr 490.
504 -Uwaga dot. bibliogr. załącznikowej [ , ]
    • a
    • Uwaga dot. bibliografii załącznikowej
    • Indeksy.
080 -Uniwersalna Klasyfikacja Dziesiętna [ , ]
    • 2
    • Identyfikator wydania tablic
    • UDC-P058
    • 9
    • UKD
    • 3345
    • a
    • Symbol klasyfikacji
    • 34
    • b
    • Dopowiedzenie
    • Nauki prawne. Prawo.
    • 4
    • UKD2
    • 7642
    • x
    • Poddział wspólny
    • (438)
    • c
    • Dopowiedzenie poddz. wspólnego
    • (Polska).
    • 4
    • UKD2
    • 8761
    • x
    • Poddział wspólny
    • "16/17"
    • c
    • Dopowiedzenie poddz. wspólnego
    • Wiek XVII/XVIII.
080 -Uniwersalna Klasyfikacja Dziesiętna [ , ]
    • 2
    • Identyfikator wydania tablic
    • UDC-P058
    • 9
    • UKD
    • 5293
    • a
    • Symbol klasyfikacji
    • 631.1
    • b
    • Dopowiedzenie
    • Prowadzenie i organizacja gospodarstwa rolnego.
    • 4
    • UKD2
    • 7642
    • x
    • Poddział wspólny
    • (438)
    • c
    • Dopowiedzenie poddz. wspólnego
    • (Polska).
    • 4
    • UKD2
    • 8761
    • x
    • Poddział wspólny
    • "16/17"
    • c
    • Dopowiedzenie poddz. wspólnego
    • Wiek XVII/XVIII.
650 -Hasło przedmiotowe [ ,7]
    • a
    • Hasło przedmiotowe
    • Język polski
    • x
    • Określnik rzeczowy
    • język prawniczy
    • x
    • Określnik rzeczowy
    • historia.
    • 2
    • Źródło terminu
    • kaba
    • 9
    • KHW
    • 379937
980 -Symbol UKD [ , ]
    • a
    • UKD
    • 34:631.1](438)"16/17"
700 -Hasło dodatkowe - nazwa osobowa [1, ]
    • a
    • Nazwa osobowa (NP)
    • Karaś, Mieczysław Find
    • d
    • Daty biograficzne (NP)
    • (1924-1977).
    • e
    • Określenie rodzaju współpracy
    • Oprac.
    • 9
    • KHW
    • 22883
700 -Hasło dodatkowe - nazwa osobowa [1, ]
    • a
    • Nazwa osobowa (NP)
    • Łysiak, Ludwik Find
    • d
    • Daty biograficzne (NP)
    • (1923-2002).
    • e
    • Określenie rodzaju współpracy
    • Oprac.
    • 9
    • KHW
    • 22884
931 -Powiązanie tyt. z wydaw. ciągłym [ , ]
    • a
    • Powiązanie tytułówki z wydaw. ciągłym
    • PATRZ WYDAWNICTWO CIĄGŁE
    • z
    • Numer rek. powiązanego
    • 119238
Status udost. Numer inwentarzowy Data inwentaryzacji Lokalizacja Uwagi nie widoczne w OPAC Sygnatura
-3W.75081 BGretrokonwersja 
1Cg.5620 BG Cg.123 (p.202)
-3W.86932 BG  
-3W.86933 BG  
1Pc.940 BM Pc.40/57
1SAc.2580 BSA SAc.2580/57